| 000 | 00789nam a2200193 a 4500 | ||
|---|---|---|---|
| 008 | 120416s1992 ||||||||||||||||| || u | ||
| 020 | _a0415061628 | ||
| 050 | _aHD 4148 Bee | ||
| 100 | _aBeesley, Michael Edwin | ||
| 245 | 1 | 0 | _aPrivatization, regulation and deregulation |
| 260 |
_aLondon _bRoutledge _c1992 |
||
| 300 | _axii, 375p. : ill. | ||
| 350 | _a0.00 | ||
| 500 | _a'Published in association with the Institute of Economic Affairs.' -Includes bibliographical references and indexes. | ||
| 650 | 0 | _aPRIVATIZATION | |
| 650 | _aPrivatization--Great Britain | ||
| 710 | _aInstitute of Economic Affairs (Great Britain) | ||
| 995 |
_D0.00 _FCBU-MAIN LIBRARY (Kitwe) _H1 _I45.00 _M1 _UAVAILABLE _ZMain Library Open Access Collection |
||
| 999 |
_c54721 _d54721 |
||